MDQL
is popping MORE tags! Check the
thread
!
Quizzes
Events
Quiz Creation
Community
Videos
Private Events
Remove Ads
Sign In
Join for FREE
Feedback
Dark Mode
Quiz Categories
Sports
Geography
Music
Movies
Television
Just For Fun
Miscellaneous
History
Literature
Language
Science
Gaming
Entertainment
Religion
Holiday
For Kids
Quiz Lab
Recent
Popular Today
Quiz Kudos Today
Editor Picks
Curator Picks
Quizzes by...
Day
Popularity
Type
Ratings
Length
Year
Community
Subscriptions
Recent Discussions
Orange Saloon
Badges
Playlists
Quests
Create
Leaderboards
Showdown
Live 5
Trivia Bingo
Activity
Puzzle Library
Sporcle Events
Private Events
Virtual Trivia
Globe League
Become a Host
Pub Owners
SporcleCon
Opinionation
Our Games
Videos
Blog
Mobile Apps
Partnerships
Remove Ads and Go Orange
Feedback
Gaming
Video Games
Board Games
Card Games
Pokémon
Mario
Nintendo
Minecraft
Console
Toys
Legend of Zelda
Gaming
Video Games
Board Games
Card Games
Pokémon
Mario
Nintendo
Minecraft
Console
Toys
Legend of Zelda
Random Quiz
Search Sporcle
×
Quiz Lab
Quiz Lab
Gaming
Call of Duty Modern Warfare 2
Type in answers that appear in a list
Type in answers that appear in a list
Classic
Best Score? Go Orange.
Call of Duty Weapons (Modern Warfare - Black Ops) Stats
Can you name the Weapons in all of the Call of Duty's??
By
nap1392
10m
144 Questions
509 Plays
509 Plays
509 Plays
Comments
Comments
Give Quiz Kudos
Give Quiz Kudos
-
- Ratings
hide this ad
Replay
Link that replays current quiz
Next Quiz
Link to next quiz in quiz playlist
You Got
0%
They Got
Avg Score
46%
Avg Friend Score
Upgrade to see
Score Distribution
Jump to the score distribution portion of the page
Score
0/144
Timer
10:00
0
Plays Today
% Correct
AK47
85%
AK-47
85%
AK-47
85%
M4
80.8%
M4A1
80.8%
M16
80.2%
M16A4
80.2%
M16
80.2%
MP5
78.8%
Browning M1918
74.1%
AK74
69.3%
AK74u
69.3%
Colt M1911
67.5%
M14
66.9%
M14
66.9%
SPAS
65.5%
Colt M1911
65.3%
RPG
64.4%
RPG
64.4%
RPG
64.4%
M1911
64%
Desert Eagle
63.8%
Desert Eagle
63.8%
MP40
61.4%
M60
61.2%
M60
61.2%
FAMAS
59.4%
FAMAS
59.4%
M9
58.8%
M9
58.8%
Dragunov
58.6%
Dragunov
58.6%
RPD
58%
RPD
58%
Barrett .50 Cal
57%
MP5K
57%
Barrett .50 Cal
57%
MP5K
57%
Uzi
57%
P90
55.8%
P90
55.8%
Intervention
55.6%
Mini Uzi
54.5%
Mini-Uzi
54.5%
G3
54.1%
STG44
53.5%
USP
53.5%
Thompson
51.5%
% Correct
M21
51.3%
SCAR-H
51.3%
FAL
51.1%
AUG HBAR
51.1%
AUG
51.1%
FAL
51.1%
M249
50.7%
PPSH
49.9%
ACR
49.7%
WA2000
49.7%
WA2000
49.7%
UMP 45
49.1%
G36
48.9%
Karabiner 98k
48.7%
MG4
48.1%
Skorpion
47.7%
Skorpion
47.7%
M1 Garand
46.5%
Trench Gun
46.3%
STG44
46.1%
Springfield
46.1%
RPK
46.1%
AA-12
45.9%
Commando
45.1%
Galil
44%
M1014
43.6%
M1014
43.6%
SPAS-12
43.2%
R700
43%
Type 100
42.8%
Double Barreled Shotgun
42.2%
Python
42.2%
MG42
41.4%
TAR-21
41%
Striker
41%
L96AW
40.8%
G11
40.6%
Olympia
40.6%
M1A1 Carbine
40.4%
F2000
40.2%
Mosin Nagant
40%
M40A3
39.8%
Vector
39.8%
.44 Magnum
39.6%
Javelin
39.6%
G18
39.4%
Model 1887
39%
Stinger
38.6%
% Correct
Enfield
38.6%
Stakeout
38.6%
Stoner-63
38.4%
Type 99
38%
China Lake
38%
Thumper
37.4%
Arisaka
36.4%
M240
35.4%
Ranger
35.2%
CZ-75
35%
Crossbow
34.9%
M1919A6 Browning
34.5%
PTRS41
34.1%
FG42
34.1%
Nambu 14
33.3%
L86 LSW
33.3%
AT4
33.3%
ASP
33.3%
Gewehr 43
33.1%
PP2000
32.9%
SVT40
32.5%
M72 LAW
32.5%
HK-21
32.1%
Degtyaryov D-28
31.7%
TMP
31.5%
USP .45
31.3%
W1200
31.1%
Spectre
30.9%
Tokarev TT-33
30.5%
HS-10
30.1%
M93 Raffica
29.7%
Walther P38
29.1%
PSG-1
28.9%
Strela
28.7%
Bazooka
28.3%
M14 EBR
28.1%
Kiparis
28.1%
Flamethrower
27.3%
Mac-10
26.1%
Death Machine
25.9%
MPL
25.3%
Pm-63
24.6%
Riot Shield
24%
.357 Magnum
23.8%
Grim Reaper
23.2%
Makerov
21.8%
Ballistics Knife
17.4%
6.5%
Quiz Playlist
Details
Report
Send in Message
Add To Playlist
Classic:
Type in answers that appear in a list
Last Updated: Feb 16, 2017
Quiz Scoreboard
CHALLENGE
Sign Up to Join the Scoreboard
Show All
Scores
Hide
Comments
May contain spoilers
Recently Published
1-10 Letter E Words III
by El_Dandy
Language
2m
Street Fighter Characters
by Artimus82
Gaming
60s
College Basketball Coaching Resumes
by pancakes188
Sports
9m
More to Explore
Quiz From the Vault
Featured Blog Post
Where Did the Easter Bunny Come From?
hide this ad
You Might Also Like...
Tags
Call of Duty
Call of Duty Modern Warfare
Call of Duty Modern Warfare 2
Today's Top Quizzes in Gaming
Browse Gaming
hide this ad
Top Contributed Quizzes in Gaming
1
5-to-1: Consoles
2
7-to-1: Board Game Piece Blitz
3
5-to-1: Legend of Zelda
4
League of Legends Pro Players by Career/Team History
5
Destiny 2 exotic weapons by perk icons
6
Ultimate Genshin Impact Logic Puzzle (up to 4.3)
7
Quick Pick: Video Games Lost in Translation
8
Franchise by Action Figure
9
Who's on the WWE 2K24 Cover?
10
Genshin Impact Logic Puzzle Quiz
Explore More
Trending Topics
Harry Potter
Anime
Kpop
Marvel
Disney
NBA
Crossword
Soccer
Puzzle
NFL
WWE
The Office
Country
Pokémon
Song
hide this ad
More By:
nap1392
Quiz
Plays
Rating
Category
Featured
Created
Call of Duty Weapons (Modern Warfare - Black Ops)
509
2.40
Gaming
May 4, 2011
Go to Creator's Profile
Score Distribution
Quiz Creator Spotlight
nap1392
Follow
Send a Message
Quizzes Created
-
Created Quiz Play Count
-
More By This Creator
Popular Quizzes Today
1
Find the US States - No Outlines Minefield
2
Find the Countries of Europe - No Outlines Minefield
3
The Countries of the World
4
Find the US States
5
Risky Map Clicking: Biggest States A-Z
6
US States
7
Popular People in 1961
8
Movies - When Are They Set?
More Gaming Quizzes
Magic the Gathering Layers
Quiz Lab
Trending Quizzes
Risky Map Clicking: Least Populous States A-Z
Billboard Blitz: Aretha Franklin
1-10 Letter G Words
Countries of the World: 200 Million BC
1-10 Letter F Words
Recently Updated
Leaping Animals
pecheneg
Reality TV Shows (A-Z)
bhenderson79
Rickey Henderson's Hall of Fame Teammates
pecheneg
Champions League XIs: Arsenal
pecheneg
Quick Pick: Celebrities in WWE's Hall of Fame
aduchscher
A-Z Keypad Blitz II
pecheneg
Multiple Oscar Actors
pecheneg
Mystery Phrase Blitz: Oscar 'Best Actors'
pecheneg
F. Scott Fitzgerald Novels
LTH
Pick 3 Villains
ddd62291
Trending Topics
Marvel
Harry Potter
Crossword
Disney
Kpop
Anime
NBA
Song
Puzzle
Country
Pokémon
Soccer
NFL
WWE
The Office
Your Account Isn't Verified!
In order to create a playlist on Sporcle, you need to verify the email address you used during registration. Go to your
Sporcle Settings
to finish the process.
Report this User
Report this user for behavior that violates our
Community Guidelines
.
Details:
Send Report
Go to the Sporcle.com Mobile Site →
Comments